000 01580nam0a2200361 4500
001 RU\NLR\bibl\1518550
005 20260405093605.0
010 _a978-5-370-01741-4
_91500
021 _aRU
_b2010-31678
_92121
035 _a(nilc)RSL-KNO-004637311
035 _a(NLR Aleph) 001509920
090 _a73955
_c73955
100 _a20100506d2010 |||y0rusy50 ca
101 0 _arus
102 _aRU
105 _aa zzzz|||||
200 1 _aОбщая теория статистики
_eучебник для студентов вузов, обучающихся по специальности "Статистика"
_fпод ред. М. Г. Назарова
210 _aМосква
_cОмега-Л
_d2010
215 _a410 с.
_cил.
_d22
225 1 _aВысшее экономическое образование
_eВЭО
320 _aБиблиогр.: с. 385-386
320 _aАлф.-предм. указ.: с. 387-393
606 1 _aСтатистика
_jУчебники для высших учебных заведений
_xТеория
_91096411
_3RU\NLR\auth\66111604
610 0 _aСтатистика -- Теория статистики -- Учебник для высшей школы
686 _aС61я73-1
_2rubbk
686 _aС61я73
702 1 _4340
_7ca
_8rus
_aНазаров
_bМ. Г.
_cд-р экон. наук
_f1931-
_gМихаил Георгиевич
_917501
_3RU\NLR\auth\7734498
801 0 _aRU
_bРГБ
_c20100506
_grcr
801 1 _aRU
_bРГБ
_c20100506
801 2 _aRU
_bNLR
_c20100602
_grcr
942 _cBOOK
980 _aNB